| 000 | 00945nam a2200253Ia 4500 | ||
|---|---|---|---|
| 003 | OSt | ||
| 005 | 20220916110924.0 | ||
| 006 | a|||||r|||| 00| 0 | ||
| 007 | ta | ||
| 008 | 220915b |||||||| |||| 00| 0 san d | ||
| 024 | _a269478 | ||
| 037 | _cTextbook | ||
| 040 |
_bsan _aARTS _cARTS |
||
| 041 | _asan | ||
| 082 | _aO125,3D69,1, P4 | ||
| 100 | _aराय, गंगा सागर, व्याख् | ||
| 245 | 0 | _aवासवदत्ता: महाकवि सुबन्धु विरचिता | |
| 246 | _aVāsavadattā: mahākavi subandhu virachitā | ||
| 260 |
_aवाराणसी _bचौखम्बा संस्कृत संस्थान भारत _c2004 |
||
| 300 |
_a251पण् _ccm. |
||
| 650 | _aहिन्दी साहित्य | ||
| 942 |
_hO125,3D69,1, P4 _cTB _2CC |
||
| 999 |
_c101489 _d101489 |
||